| 000 | 01213nam a22002655a 4500 | ||
|---|---|---|---|
| 003 | OSt | ||
| 005 | 20170503111740.0 | ||
| 008 | 160922s2008 ua frb f000 0 ara d | ||
| 015 | _22008 / 8713 | ||
| 020 | _a9789770316267 | ||
| 040 |
_aEG-ScBUE _bara _cEG-ScBUE _dEG-ScBUE |
||
| 082 | 0 | 4 |
_a345.01 _bي و س _222 |
| 100 | 1 | _aيوسف، أمير فرج. | |
| 245 | 1 | 2 |
_aالمحكمة الجنائية الدولية والطابع القانوني لها ونشوء عناصر فوق الوطنية في القضاء الجنائي الدولي : _bطبقا لنظام روما الأساسي للمحكمة الجنائية الدولية المعتمد في روما في 17 تموز / يوليه 1998 / _cأمير فرج يوسف. |
| 246 | 3 | 3 | _aInternational criminal court |
| 260 |
_aالإسكندرية، مصر : _bمنشأة المعارف، _c2008. |
||
| 300 |
_a834 ص. ؛ _c24 سم. |
||
| 490 | 0 | _aكتب قانونية | |
| 504 | _aيشتمل على إرجاعات ببليوجرافية. | ||
| 650 | 7 |
_aالمحكمة الجنائية الدولية. _2BUEsh |
|
| 650 | 7 |
_aالقانون الدولي الجنائي. _2BUEsh |
|
| 651 | _2BUEsh | ||
| 653 |
_bLLAAWW _cMay2017 |
||
| 942 | _2ddc | ||
| 999 |
_c24766 _d24738 |
||